Intravascular brachytherapy : (Record no. 5056)

MARC details
000 -LEADER
fixed length control field 00589nam a22001937a 4500
003 - CONTROL NUMBER IDENTIFIER
control field OSt
005 - DATE AND TIME OF LATEST TRANSACTION
control field 20160822155628.0
008 - FIXED-LENGTH DATA ELEMENTS--GENERAL INFORMATION
fixed length control field 160822b xxu||||| |||| 00| 0 eng d
020 ## - INTERNATIONAL STANDARD BOOK NUMBER
International Standard Book Number 1901346307
040 ## - CATALOGING SOURCE
Transcribing agency 040a
082 ## - DEWEY DECIMAL CLASSIFICATION NUMBER
Classification number WH 150
Item number I564p 2001
245 ## - TITLE STATEMENT
Title Intravascular brachytherapy :
Remainder of title from theory to practice /
Statement of responsibility, etc. Prabhakar Tripuraneni...[etal]
260 ## - PUBLICATION, DISTRIBUTION, ETC. (IMPRINT)
Place of publication, distribution, etc. London
Name of publisher, distributor, etc. ReMEDICA publishing limited
Date of publication, distribution, etc. 2001
300 ## - PHYSICAL DESCRIPTION
Extent iii, 306p;
Other physical details ill :
Dimensions 12 cm.
504 ## - BIBLIOGRAPHY, ETC. NOTE
Bibliography, etc Includes index
650 ## - SUBJECT ADDED ENTRY--TOPICAL TERM
Topical term or geographic name as entry element Brachytherapy
9 (RLIN) 10842
700 ## - ADDED ENTRY--PERSONAL NAME
Personal name Tripuraneni, Prabhakar...[etal]
9 (RLIN) 10843
942 ## - ADDED ENTRY ELEMENTS (KOHA)
Source of classification or shelving scheme Other/Generic Classification Scheme
Koha item type Open Shelf
Holdings
Withdrawn status Lost status Source of classification or shelving scheme Damaged status Not for loan Home library Current library Date acquired Source of acquisition Inventory number Total Checkouts Full call number Barcode Date last seen Price effective from Koha item type
    Other/Generic Classification Scheme     MUST Main Library MUST Main Library 22/08/2016   2005/23145   WH 150 I564p 2001 2016-3781 22/08/2016 22/08/2016 Open Shelf
    Other/Generic Classification Scheme     MUST Main Library MUST Main Library 22/08/2016   2005/23144   WH 150 I564p 2001 2016-3782 22/08/2016 22/08/2016 Open Shelf
    Other/Generic Classification Scheme     MUST Main Library MUST Main Library 22/08/2016   2005/23146   WH 150 I564p 2001 2016-3783 22/08/2016 22/08/2016 Open Shelf